LEADER 01036nam0-22002771i-450- 001 990007707530403321 035 $a000770753 035 $aFED01000770753 035 $a(Aleph)000770753FED01 035 $a000770753 100 $a20021010d--------km-y0itay50------ba 101 0 $aita 200 1 $a<>demariage en droit compare$eetude comparative des causes d'inexistence, de nullite du mariage, de divorce et deseparation de corps, dans les systèmes europeens$fPrefaces De Fr. Rigaux et R. Nerson 210 $aBruxelles$cLarcier$d1981 215 $a680 p.$d24 cm 300 $aOuvrage publie aves le concours de la Fondation universitaire de Belgique et couronee par l'Association nationale des docteurs en droit (Section de Lyon) 676 $a346.015 700 1$aPousson-Petit,$bJacqueline$0277763 801 0$aIT$bUNINA$gRICA$2UNIMARC 901 $aBK 912 $a990007707530403321 952 $a10-C-242$b4665$fDDCP 959 $aDDCP 996 $aDemariage en droit compare$9682453 997 $aUNINA DB $aGEN01 LEADER 01052cam0-2200313---450 001 990005877890403321 005 20220518140011.0 010 $a2-87723-182-8 035 $a000587789 100 $a20000421d1995----km-y0itay50------ba 101 0 $afre 102 $aFR 105 $ay-------101yy 200 1 $aLucien Tesnière aujourd'hui$eactes du colloque international C.N.R.S. URA 1164, Université de Rouen, 16-17-18 novembre 1992$f[ed.] Françoise Madray-Lesigne et Jeannine Richard-Zappella 210 $aParis$cSociété pour l'information grammaticale$d1995 215 $a428 p.$d24 cm 225 1 $aBibliothèque de l'information grammaticale$v30 610 0 $aTesnière, Lucien$aCongressi$a1992 676 $a410.92 676 $a415 702 1$aMadray-Lesigne,$bFrançoise 702 1$aRichard-Zappella$bjeannine 801 0$aIT$bUNINA$gRICA$2UNIMARC 901 $aBK 912 $a990005877890403321 952 $a415 TES 02$bBibl.30418$fFLFBC 959 $aFLFBC 996 $aLucien Tesnière aujourd'hui$9563724 997 $aUNINA